000 00306nam a2200145Ia 4500
100 _aAitken Peter/ Jarol Scott
250 _a2
942 _cBK
654 _aComputer
245 _aVisuals C++ Multimedia
260 _bComDex
_c1995
082 _a005.133'C++
_bait
300 _a512
546 _aENGLISH
999 _c21985
_d21985